00609 2200229 4500001002100000005001700021008004100038020001800079035002500097040001200122082000800134084001400142100001000156245004100166260003500207300003100242650004000273850001200313990001800325990001800343990001800361YOGYA-0209000003980020150728084423.0 ind  a979-26-3630-7 a0010-020900000039800 aYOPDYOG a729 a729 Mis M aMISRA aMembangun rumah tahan gempac/ Misra aJakartabPenebar Swadayac2007 a103 hlm. :bilus. ;c23 cm aArsitektur - Desain dan perencanaan aYOPDYOG a29874-PD/B.07 a29875-PD/B.07 a29876-PD/B.07